[Event "Ricany op 20th"]
[Site "Ricany"]
[Date "2022.08.31"]
[Round "6"]
[White "Tejkal, Jiri"]
[Black "Chernyy, Andrey"]
[Result "0-1"]
[WhiteElo "1869"]
[BlackElo "1534"]
[PlyCount "104"]
[EventDate "2022.08.27"]
[EventType "swiss"]
[EventRounds "9"]
[EventCountry "CZE"]
[SourceTitle "CBM 210 Extra"]
[Source "ChessBase"]
[SourceDate "2022.11.30"]
[SourceVersion "1"]
[SourceVersionDate "2022.11.30"]
[SourceQuality "1"]

1. c4 e6 2. Nc3 d5 3. cxd5 exd5 4. d4 Nf6 5. Bf4 c6 6. Nf3 Bd6 7. Bxd6 Qxd6 8. Qc2 0-0 9. h3 Re8 10. e3 Ne4 11. Bd3 Qg6 12. Rg1 f5 13. 0-0-0 b5 14. g4 b4 15. Na4 Ba6 16. Bxa6 Nxa6 17. Ne5 Qf6 18. f4 Rec8 19. Kb1 Rc7 20. Qe2 Nb8 21. Rc1 Nd7 22. Rc2 Nxe5 23. dxe5 Qe6 24. Nc5 Nxc5 25. Rxc5 Rb8 26. Qd3 fxg4 27. hxg4 b3 28. a3 Rd8 29. Qd4 Rb8 30. f5 Qf7 31. e6 Qf6 32. Qxf6 gxf6 33. g5 fxg5 34. Rxg5+ Rg7 35. Rxg7+ Kxg7 36. Rc1 Kf6 37. Rf1 Rg8 38. Kc1 Rg2 39. Rh1 Re2 40. Rh3 h5 41. Rxh5 Rxe3 42. Kd2 d4 43. Rh7 Kxf5 44. Rxa7 Kxe6 45. a4 Kd5 46. Rd7+ Kc4 47. a5 Rd3+ 48. Ke2 Rh3 49. a6 Rh2+ 50. Kd1 Rxb2 51. a7 Ra2 52. Kc1 c5 0-1

[Event "Ricany op 20th"]
[Site "Ricany"]
[Date "2022.08.29"]
[Round "4"]
[White "Havelka, Petr"]
[Black "Chernyy, Andrey"]
[Result "1/2-1/2"]
[WhiteElo "1817"]
[BlackElo "1534"]
[PlyCount "33"]
[EventDate "2022.08.27"]
[EventType "swiss"]
[EventRounds "9"]
[EventCountry "CZE"]
[SourceTitle "CBM 210 Extra"]
[Source "ChessBase"]
[SourceDate "2022.11.30"]
[SourceVersion "1"]
[SourceVersionDate "2022.11.30"]
[SourceQuality "1"]

1. d4 d5 2. c4 e6 3. Nc3 Be7 4. Nf3 Nf6 5. Bg5 h6 6. Bh4 0-0 7. e3 b6 8. cxd5 Nxd5 9. Bxe7 Qxe7 10. Nxd5 exd5 11. Be2 Bb7 12. 0-0 Nd7 13. Rc1 c5 14. Qa4 Rfc8 15. Qa3 Qf6 16. Bb5 Bc6 17. Bxc6 1/2-1/2

[Event "CZE-ch U10"]
[Site "Kouty nad Desnou"]
[Date "2020.03.09"]
[Round "3"]
[White "Chernyy, Andrey"]
[Black "Melnikov, Ivan"]
[Result "1/2-1/2"]
[WhiteElo "1208"]
[BlackElo "1154"]
[PlyCount "69"]
[EventDate "2020.03.07"]
[EventType "swiss"]
[EventRounds "7"]
[EventCountry "CZE"]
[SourceTitle "CBM 195 Extra"]
[Source "ChessBase"]
[SourceDate "2020.05.31"]
[SourceVersion "1"]
[SourceVersionDate "2020.05.31"]
[SourceQuality "1"]

1. e4 d5 2. exd5 Nf6 3. Nc3 Nxd5 4. Nf3 Nc6 5. d4 Bf5 6. a3 e6 7. Be2 Be7 8. 0-0 Bf6 9. Nxd5 Qxd5 10. Be3 0-0-0 11. c3 h5 12. b4 g5 13. b5 g4 14. bxc6 gxf3 15. Bxf3 Be4 16. cxb7+ Kb8 17. Bxe4 Qxe4 18. Re1 Rdg8 19. g3 Qd5 20. Rc1 Qc4 21. Qc2 h4 22. Qe4 Be7 23. Bd2 Rg6 24. Re3 f5 25. Qe5 Rgh6 26. Re2 Bd6 27. Qe3 Qd5 28. c4 Qc6 29. Qd3 Rg6 30. Re3 hxg3 31. fxg3 Rg4 32. d5 exd5 33. cxd5 Qd7 34. Rc4 Qh7 35. Re2 1/2-1/2

[Event "EU-ch U08"]
[Site "Bratislava"]
[Date "2019.08.10"]
[Round "9"]
[White "Chernyy, Andrey"]
[Black "Fedotkin, Alexey"]
[Result "1-0"]
[WhiteElo "1170"]
[BlackElo "1107"]
[PlyCount "49"]
[EventDate "2019.08.02"]
[EventType "swiss"]
[EventRounds "9"]
[EventCountry "SVK"]
[SourceTitle "EXT 2020"]
[Source "ChessBase"]
[SourceDate "2019.10.17"]
[SourceVersion "1"]
[SourceVersionDate "2019.10.17"]
[SourceQuality "1"]

1. d4 d5 2. c4 dxc4 3. e3 Nf6 4. Bxc4 e6 5. Nf3 c5 6. 0-0 a6 7. a4 Nc6 8. Nc3 cxd4 9. exd4 Nb4 10. Bg5 Be7 11. Qb3 a5 12. Rad1 0-0 13. d5 exd5 14. Bxd5 Nfxd5 15. Nxd5 Bxg5 16. Nxb4 Qf6 17. Nd5 Qd8 18. Nb6 Be6 19. Rxd8 Bxb3 20. Rxa8 Rxa8 21. Nxa8 Bf6 22. Nb6 Bd8 23. Rc1 Bxb6 24. Rc8+ Bd8 25. Rxd8# 1-0